000 00928cam a2200289 i 4500
003 DO-SdBNP
005 20231024141609.0
007 ta
008 751003s2017 gt 000 0 spa d
020 _a9789929559837
040 _aDO-SdBNP
_bspa
_cBNPHU
_erda
082 4 _a861.5
_bW868L
_222
100 1 _aWoltke, Gabriel
_d1988-
_984479
_eautor
245 1 0 _aLuz de Adán /
_cGabriel Woltke
264 1 _aGuatemala :
_bCultura,
_c2017.
300 _a119 páginas
_c21 cm.
336 _2rdacontent
_atexto
_btxt
337 _2rdamedia
_asin mediación
_bn
338 _2rdacarrier
_avolumen
_bnc
490 0 _aPoesía
_aRafael Landívar
_v111
500 _aIncluye datos biográficos del autor en la solapa de la cubierta
590 _aInventariado, 2023/ YL
650 4 _aPoesía guatemalteca
_914068
650 4 _aLiteratura guatemalteca
_95393
910 _aYlockward/Validado. Control de calidad MFF
942 _2ddc
_cLBS1
999 _c55169
_d55169